| 000 | 00748cam a22002291 4500 | ||
|---|---|---|---|
| 001 | sg 44000264 | ||
| 003 | DLC | ||
| 005 | 20260227112744.0 | ||
| 008 | 820610s1944 moua b 001 0 eng c | ||
| 010 | _asg 44000264 | ||
| 035 | _a(OCoLC)8509199 | ||
| 040 |
_aU. S. Army Medical Library _cCU-M _dDLC |
||
| 042 | _apremarc | ||
| 050 | 0 | 0 |
_aRB37 _b.B78 1944 |
| 100 | 1 |
_aBray, William Edward, _d1882-1959. |
|
| 245 | 1 | 0 |
_aSynopsis of clinical laboratory methods _cby W. E. Bray. Ninety-three text illustrations, twenty color plates. |
| 250 | _a3d ed. | ||
| 260 |
_aSt. Louis, _bThe C. V. Mosby Company, _c1944. |
||
| 300 |
_a528 p. _billus., xx col. pl., diagrs. _c20 cm. |
||
| 504 | _aIncludes bibliographies. | ||
| 650 | 0 | _aDiagnosis, Laboratory. | |
| 999 |
_c90477 _d90477 |
||